000 00468nam a2200181Ia 4500
001 7658
005 20260306160511.0
008 260306t2006||||xx |||||||||||||| ||spa||
041 _aESP
082 _a353.5
_bC76
100 _aCONADIS
_eAUT
245 0 _aLima Metropolitana:
_bperfil socio-demográfico de la población con discapacidad, 2005
260 _c2006
300 _a185 páginas :
_c29 cm.
650 _aGEN
654 _aCAN
942 _cLIB
_dJUS
_fJUS
_2ddc
_n
999 _c7658
_d7658